Tiere im Meer - BilderQuiz - Statistiken

Allgemein
  • Dieses Quiz wurde 544 mal gespielt
  • Das Durchschnittsergebnis liegt bei 14 aus 16
Antwortstatistiken
Bildquiz Antwort % Korrekt
Hai
100%
Muschel
98%
Seepferdchen
97%
Qualle
96%
Schildkröte
96%
Seestern
96%
Robbe
94%
Seeigel
94%
Oktopus
92%
Rochen
91%
Krebs
88%
Orca
88%
Hummer
86%
Buckelwal
69%
Muräne
67%
Barrakuda
37%
Keine übereinstimmenden Quizze gefunden
Verteilung der Resultate
Anzahl Personen mit jedem Resultat
Perzentil nach korrekt beantworteten Fragen
Ihre Resultats-Entwicklung
Sie haben dieses Quiz noch nicht gespielt